000 00586cam a2200193 i 4500
005 20251108170010.0
008 250721s2001 sy gr 000 0 ara d
041 1 _aara
_heng
082 1 4 _a133.5
_bش ي ا
100 1 _aشيا، سميح
_eمعد ومترجم.
245 1 2 _aالأبراج عند شعوب العالم /
250 _aالطبعة الثانية.
264 1 _aدمشق :
_bدار المعرفة،
_c2001.
300 _a140صفحة.
650 1 7 _aالسحر و التنجيم.
650 1 7 _aعلم النفس.
942 _2ddc
_cBK
999 _c37003
_d37003